000 00547nam a2200193Ia 4500
005 20260120132008.0
008 008 260114s9999 xx 000 0 eng d
020 _a9780197709412
037 _aEBOOK
040 _aCRL
_beng
_cCRL
041 _aeng
_2eng
084 _qCRL
100 _aAllen
_9933684
245 4 _aThe City in Slang: New York Life and Popular Speech
260 _bOxford University PressOxford University Press
_c2023
856 _uhttps://academic.oup.com/book/53760
942 _cEBOOK
999 _c1525607
_d1525607